Technique of film cutting room (Record no. 36189)

MARC details
000 -LEADER
fixed length control field 00290nam a2200121Ia 4500
082 ## - DEWEY DECIMAL CLASSIFICATION NUMBER
Classification number 77.021.17
Item number WAL
100 ## - MAIN ENTRY--AUTHOR NAME
Personal name Ernest
245 #0 - TITLE STATEMENT
Title Technique of film cutting room
260 ## - PUBLICATION, DISTRIBUTION, ETC. (IMPRINT)
Place of publication London
Name of publisher Focal
Year of publication 1973
505 ## - FORMATTED CONTENTS NOTE
Formatted contents note Set price
942 ## - ADDED ENTRY ELEMENTS (KOHA)
Koha item type Books
Holdings
Withdrawn status Lost status Damaged status Not for loan Home library Current library Date acquired Cost, normal purchase price Full call number Accession Number Koha item type
        RRII Library RRII Library 16/12/2021 850.00 77.021.17 WAL 16602 Books